000 00245nam a22001097a 4500
008 170117b xxu||||| |||| 00| 0 eng d
020 _a0812280784
041 _aeng
080 _a618.2
245 _aIMAGES FOR NURSES
_cJONES, A.H
942 _2udc
_cBK
999 _c3002
_d3002